Tractat pràctic sobre les màquines tricotoses / per P. E. Muller ... ; traduit en català amb la col·laboració de J. Espelt i C. Carques : volum primer volum primer
Descripción Física:
159 p. ; [31] f. de làm., pleg. ; 21 cm
MARC
| LEADER | 00000nam a2200000Ia 4500 | ||
|---|---|---|---|
| 001 | 10308 | ||
| 008 | 160829s1935 xx 000 0 cat d | ||
| 080 | |a C-1-350 | ||
| 100 | |a Muller, Paul Emile |9 39749 | ||
| 245 | |a Tractat pràctic sobre les màquines tricotoses / per P. E. Muller ... ; traduit en català amb la col·laboració de J. Espelt i C. Carques : |b volum primer | ||
| 260 | |a Canet de Mar : |b Escola de Teixits de Punt, |c 1935 | ||
| 300 | |a 159 p. ; |c [31] f. de làm., pleg. ; |c 21 cm | ||
| 590 | |a A la part superior de la portada : Generalitat de Catalunya. | ||
| 590 | |a Hi ha la versió original en francès amb R. 22632 | ||
| 650 | |a Maquinària tèxtil |9 38757 | ||
| 650 | |a Tricotoses |9 39750 | ||
| 700 | 1 | |a Espelt, J. |9 39751 | |
| 700 | |a Carques, C., tr. |9 39752 | ||
| 700 | |a Escola de Teixits de Punt de Canet de Mar | ||
| 901 | |a Arxiu | ||
| 942 | |n 1 | ||
| 952 | |0 0 |1 0 |4 0 |6 C1350 |7 1 |9 49196 |a Arxiu |b Arxiu |d 2016-12-01 |l 0 |o C-1-350 |p 10308 |r 2016-12-01 00:00:00 |w 2016-12-01 |y ARXIU | ||
| 999 | |c 53036 |d 53036 | ||